01276nam a2200265 a 4500001001000000005001700010041000800027044000800035084002000043100004500063245011500108260003200223300002200255500025800277500011600535500003800651500001100689546002400700650005200724650005600776650003400832650004500866700004900911740005000960BRCA_339220190320204247.0 aeng aenk a681b.G74c19061 aCervantes Saavedra, Miguel ded1547-161610aThe History of the Ingenious Gentleman Don Quixote of La ManchacTranslated from the Spanish by P. A. Motteux. aEdinburgobJohn Grantc1906 a4 v.bil.c27 cm. aContenido : v.1. Primera parte. Retrato de Cervantes. Advertencia del editor. Vida de Cervantes por Lockhart. Prólogo de Cervantes. -- v.2. Primera parte. Texto. Notas. -- v.3. Segunda parte. Prólogo de Cervantes. -- v.4. Segunda parte. Texto. Notas aReproducción de la traducción de Motteux, publicada en 1879-84, por William Paterson. Tela Lúdovik Osterc aCon ex-libris de : Julia W. Smith aQM1537 aTexto en : inglés14aNovela españolayÉpoca clásica, 1500-170014aLiteratura españolayÉpoca clásica, 1500-170014aNovela españolaySiglo XVII14aDon Quijote (Personaje ficticio)eNovela1 aMotteux, Peter Anthonyd1663-1718eTraductor0 aEl Ingenioso Hidalgo Don Quijote de la Mancha